000 00423nam a2200145 i 4500
001 45568
003 ES-MaACL
005 20230906161235.0
007 t|
008 030326s1916 xxk ||||1| spa d
100 1 _aCohn, August.
_939520
245 1 0 _aCiertos aspectos de la guerra desde el punto de vista de los ingleses naturalizados /
_cAugust Cohn.
260 _aLondres :
_b[s.n.,
_c1916]
852 _aES-MaACL
_j1516-F-6
999 _c45568
_d45568